header

Paul Robeson and the Cold War performance complex (Record no. 89738)

MARC details
000 -LEADER
fixed length control field 02441nam a2200457 a 4500
082 04 - DEWEY DECIMAL CLASSIFICATION NUMBER
Classification number 782.0092
100 1# - MAIN ENTRY--AUTHOR NAME
Personal name Perucci, Tony.
245 10 - TITLE STATEMENT
Title Paul Robeson and the Cold War performance complex
260 ## - PUBLICATION, DISTRIBUTION, ETC. (IMPRINT)
Place of publication Ann Arbor :
Name of publisher University of Michigan Press,
Year of publication 2012.
300 ## - PHYSICAL DESCRIPTION
Number of Pages xii, 217 p. :
Other physical details ill.
490 1# - SERIES STATEMENT
Series statement Theater--theory/text/performance
505 0# - FORMATTED CONTENTS NOTE
Formatted contents note Introduction: the red mask of sanity -- Tonal treason and HUAC's psychoanalytic theater. Black performances and the stagecraft of statecraft -- Performing, informing, and shrieking innocence: surveillance, informance, and the performance of performance -- Discordant tones and the melody of freedom at Peekskill -- Anticommunism and the American lynching imagination -- Shedding blood and beating back fascists -- Staging anticommunism, staging racist violence -- Coda: the complex and the rupture.
650 #0 - SUBJECT ADDED ENTRY--TOPICAL TERM
Topical Term Performance art
Topical Term Freedom and art
Topical Term Politics and culture
Topical Term Cold War
Topical Term Racism
Topical Term Anti-communist movements
856 40 - ELECTRONIC LOCATION AND ACCESS
Uniform Resource Identifier http://site.ebrary.com/lib/rucke/Doc?id=10556472

No items available.

© 2026 Rongo University
Contact us: librarian | system librarian | Rongo university